| 000 | 01563nam a2200265Ii 4500 | ||
|---|---|---|---|
| 003 | JO-AjNU | ||
| 005 | 20240623125017.0 | ||
| 008 | 230605s9999||||xx |||||||||||||| ||und|| | ||
| 040 |
_aJO-AjNU _bara _erda _cJO-AjNU |
||
| 041 | _aara | ||
| 050 |
_aHF5686. _bC7.A36 2018 |
||
| 100 | 1 |
_aالاحمد، ريناد يحيى احمد _964897 _eمعد |
|
| 245 | 0 |
_a أثر هيكل الملكية و رأس المال على التدفقات النقدية الحرة للشركات الأردنية المساهمة العامة الخدمية : دراسة ميدانية = The Impact of Ownership and Capital Structure on Free Cash Flows for Jordanian Service Share Holding Companies : An Empirical Study / _cإعداد ريناد يحيى أحمد الأحمد ؛ إشراف سامح عاصم العجلوني. |
|
| 260 | _c2018 | ||
| 300 | _a81 ورقة | ||
| 336 |
_atext _btxt _2rdacontent |
||
| 337 |
_aunmediated _bn _2rdamedia |
||
| 338 |
_avolume _bnc _2rdacarrier |
||
| 500 | _aرسالة جامعية (ماجستير) .- جامعة اليرموك (إربد ، الأردن)، كلية الإقتصاد والعلوم الادارية، قسم المحاسبة ، 2018. | ||
| 501 | _aتحتوي على ملاحق | ||
| 504 | _aتحتوي على مراجع باللغتين العربية والانجليزية | ||
| 650 | 4 | 0 |
_aالشركات-محاسبة-اتخاذ القرارات-التقارير المالية-مراجعة الحسابات-الاردن. _964900 |
| 700 | 1 |
_aالحمود، تركي راجي _964635 _eمشرف |
|
| 942 |
_2lcc _cTHS |
||
| 999 |
_c33036 _d33036 |
||